Jose Mourinho's Inter - Statistics

General Stats
  • This quiz has been taken 24 times
  • The average score is 23 of 41
Answer Stats
Rank Player Position Nationality Matches Goals Assists % Correct
11 Diego Milito Centre-Forward 52 30 9
100%
1 Javier Zanetti Right-Back 106 0 1
100%
13 Samuel Eto'o Centre-Forward 48 16 8
100%
2 Júlio César Goalkeeper 99 0 0
95%
5 Dejan Stanković Central Midfield 81 10 10
90%
24 Goran Pandev Second Striker 27 3 6
90%
15 Wesley Sneijder Attacking Midfield 41 8 15
90%
14 Zlatan Ibrahimović Centre-Forward 47 29 12
90%
10 Cristian Chivu Centre-Back 59 1 1
85%
3 Esteban Cambiasso Defensive Midfield 94 9 5
85%
4 Maicon Right-Back 93 12 19
85%
8 Walter Samuel Centre-Back 62 5 0
85%
9 Iván Córdoba Centre-Back 62 2 1
80%
12 Lúcio Centre-Back 48 2 3
80%
19 Marco Materazzi Centre-Back 35 1 0
75%
7 Mario Balotelli Centre-Forward 71 21 12
75%
6 Sulley Muntari Central Midfield 80 7 8
75%
17 Patrick Vieira Defensive Midfield 40 2 2
65%
16 Thiago Motta Defensive Midfield 40 4 5
65%
27 Adriano Centre-Forward 22 7 3
60%
36 Marko Arnautovic Centre-Forward 3 0 0
60%
21 Maxwell Left-Back 33 1 3
60%
22 Ricardo Quaresma Right Winger 32 1 2
60%
25 Luís Figo Right Winger 26 1 3
55%
31 Francesco Toldo Goalkeeper 10 0 0
50%
28 Hernán Crespo Centre-Forward 17 2 2
50%
26 Julio Cruz Centre-Forward 23 3 2
40%
18 Davide Santon Left-Back 35 0 1
35%
35 David Suazo Centre-Forward 4 0 0
35%
29 McDonald Mariga Defensive Midfield 13 0 0
35%
20 Mancini Left Winger 34 1 4
30%
23 Nicolás Burdisso Centre-Back 29 1 0
30%
34 Rene Krhin Defensive Midfield 5 0 0
25%
39 Paolo Orlandoni Goalkeeper 1 0 0
20%
38 Alen Stevanovic Left Winger 1 0 0
15%
33 Luis Jiménez Attacking Midfield 8 0 1
15%
32 Nelson Rivas Centre-Back 8 0 0
15%
41 Olivier Dacourt Defensive Midfield 1 0 0
15%
37 Giulio Donati Right-Back 1 0 0
10%
30 Victor Obinna Second Striker 11 1 1
10%
40 Francesco Bolzoni Defensive Midfield 1 0 0
5%
No matching quizzes found
Score Distribution
Percent of People with Each Score
Percentile by Number Answered
Your Score History
You have not taken this quiz